Yonqui / (Record no. 183197)

MARC details
000 -LEADER
campo de control de longitud fija 00742nam a22002291i 4500
001 - NÚMERO DE CONTROL
campo de control 183197
003 - IDENTIFICADOR DE NÚMERO DE CONTROL
campo de control ES-MaACL
005 - FECHA Y HORA DE LA ÚLTIMA TRANSACCIÓN
campo de control 20250803114118.0
008 - DATOS DE LONGITUD FIJA--INFORMACIÓN GENERAL
campo de control de longitud fija 140129s1984 sp |||| | spa d
020 ## - NÚMERO INTERNACIONAL ESTÁNDAR DEL LIBRO
Número Internacional Estándar del Libro 84-02-07420-0
080 ## - NÚMERO DE LA CLASIFICACIÓN DECIMAL UNIVERSAL
Número de la Clasificación Decimal Universal 821.111(73)-31"19"
100 1# - ENTRADA PRINCIPAL--NOMBRE DE PERSONA
Nombre de persona Burroughs, William S.,
Fechas asociadas al nombre 1914-1997
9 (RLIN) 241541
245 10 - MENCIÓN DEL TÍTULO
Título Yonqui /
Mención de responsabilidad, etc. William Burroughs ; [traducción del inglés Martín Lendínez].
250 ## - MENCION DE EDICION
Mención de edición 3ª ed.
260 ## - PUBLICACIÓN, DISTRIBUCIÓN, ETC.
Lugar de publicación, distribución, etc. Madrid :
Nombre del editor, distribuidor, etc. Bruguera,
Fecha de publicación, distribución, etc. 1984.
300 ## - DESCRIPCIÓN FÍSICA
Extensión 191 p. ;
Dimensiones 18 cm.
490 1# - MENCIÓN DE SERIE
Mención de serie Bruguera Libro Amigo ;
Designación de volumen o secuencia 756
700 1# - ENTRADA AGREGADA--NOMBRE PERSONAL
Nombre de persona Lendínez, Martín.
9 (RLIN) 71511
830 0# - PUNTO DE ACCESO ADICIONAL DE SERIE-TÍTULO UNIFORME
Título uniforme Bruguera Libro Amigo ;
Designación de volumen o secuencia 756
9 (RLIN) 185730
852 ## - LOCALIZACIÓN
Ubicación ES-MaACL
Número de control de estantería L-30009
Nota libre .- Donat. Miguel A. Velasco
Holdings
Estatus retirado Estado de pérdida Estado de daño No para préstamo Biblioteca de origen Biblioteca actual Ubicación en estantería Fecha de adquisición Fuente de adquisición Total de préstamos Signatura topográfica completa Código de barras Visto por última vez Fecha del último préstamo Precio de reemplazo Tipo de ítem Koha
        Biblioteca del Ateneo de Madrid Biblioteca del Ateneo de Madrid Depósito 2 29/01/2014   1 L-30009 1192542 16/06/2026 15/04/2026 23/02/2023 Libro impreso